| 000 | 01190pam a2200325 a 4500 | ||
|---|---|---|---|
| 001 | 4925583 | ||
| 003 | OSt | ||
| 005 | 20211126103824.0 | ||
| 008 | 951020s1996 enka b 001 0 eng | ||
| 010 | _a 95026032 | ||
| 020 | _a0201422972 (alk. paper) | ||
| 038 | _akhadija | ||
| 040 |
_aDLC _cDLC _dDLC |
||
| 050 | 0 | 0 |
_aTS155.6 _b.B76 1996 |
| 082 | 0 | 0 |
_a658.5 _220 _bBRO |
| 100 | 1 |
_aBrowne, Jimmie. _985162 |
|
| 245 | 1 | 0 |
_aProduction Management Systems : _bAn Integrated Perspective / _cJimmie Browne, John Harhen, James Shivnan ; with case studies by Michael S. Spencer. |
| 250 | _a2nd ed. | ||
| 260 |
_aHarlow, England ; _aReading, Mass. : _bAddison-Wesley Pub. Co., _cc1996. |
||
| 300 |
_axxiv, 425 p. : _bill. ; _c24 cm. |
||
| 504 | _aIncludes bibliographical references and index. | ||
| 563 | _aHB | ||
| 650 | 0 |
_aProduction management _xData processing. _985163 |
|
| 650 | 0 |
_aComputer integrated manufacturing systems. _985164 |
|
| 700 | 1 |
_aHarhen, John. _985165 |
|
| 700 | 1 |
_aShivnan, James. _985166 |
|
| 906 |
_a7 _bcbc _corignew _d1 _eocip _f19 _gy-gencatlg |
||
| 942 |
_2ddc _cBK |
||
| 999 |
_c31763 _d31763 |
||